New directions in sociological theory: disputes, discourses and orientations (Record no. 441228)

000 -LEADER
fixed length control field 00439cam a22001457a 4500
008 - FIXED-LENGTH DATA ELEMENTS--GENERAL INFORMATION
fixed length control field 180718b2010 xxu||||| |||| 00| 0 eng d
020 ## - INTERNATIONAL STANDARD BOOK NUMBER
International Standard Book Number 8131603679
082 ## - DEWEY DECIMAL CLASSIFICATION NUMBER
Classification number B1 P192
100 ## - MAIN ENTRY--PERSONAL NAME
Personal name Pandey, Ajit Kumar
245 ## - TITLE STATEMENT
Title New directions in sociological theory: disputes, discourses and orientations
Statement of responsibility, etc. by Ajit Kumar Pandey and Smita Verma
260 ## - PUBLICATION, DISTRIBUTION, ETC.
Place of publication, distribution, etc. Jaipur
Name of publisher, distributor, etc. Rawat
Date of publication, distribution, etc. 2010
300 ## - PHYSICAL DESCRIPTION
Extent 277p.
650 ## - SUBJECT ADDED ENTRY--TOPICAL TERM
Topical term or geographic name entry element Sociology
700 ## - ADDED ENTRY--PERSONAL NAME
Personal name Verma, Smita
Holdings
Withdrawn status Lost status Damaged status Not for loan Permanent Location Current Location Date acquired Full call number Barcode Date last seen Price effective from Koha item type
        Indian Institute of Public Administration Indian Institute of Public Administration 2011-01-05 B1 P192 84259 2018-07-21 2018-07-21 Book

Powered by Koha